000 00982nam a2200277Ia 4500
001 Para_10300
003 CHAP
008 220125sAbri xx 000 0 und d
010 _a205306
040 _cCHAP
090 _aPA CD - TESIS 330
100 _aCruz Valencia, Pedro
_9126944
245 _aCaracterización de las prácticas de mantenimiento en campos de golf y su impacto en el manejo fitosanitario /
_c Pedro Cruz Valencia; Director Imelda León García
260 _aChapingo, Méx. :
_b el autor
300 _a1 CDS ROM (118 p.)
502 _aTesis (Ing. Agr. Esp. en Parasitología Agrícola). UACh. Departamento Parasitología Agrícola
700 _aLeón García, Imelda. Director
_9171331
710 _aUACh. Departamento Parasitología Agrícola
_9164025
901 _aPA CD - TESIS 330
902 _aM
905 _a513220Abril, 2014 am 8100000000 06
910 _aAbri
942 _cPARA
942 _cPARA
_d2
999 _c205306
_d205306